Halič
Zobrazenie: pohľad na zámok na zalesnenom kopci, pod ním kostol a sedliacka usadlosť, v popredí vpravo dva konské povozy
| Format: | Photo |
|---|---|
| Language: | Slovak Hungarian |
| Published: |
[Slovensko?]
[vydavateľ neznámy]
[1927?]
|
| Subjects: |
MARC
| LEADER | 00000nkm a2200000 a 4500 | ||
|---|---|---|---|
| 001 | vtls011590532 | ||
| 003 | SK-MaSNL | ||
| 005 | 20260301041904.0 | ||
| 007 | kf bo | ||
| 008 | 231206q1927 xo g kuslo | ||
| 015 | |a SNBG | ||
| 040 | |a SNK |b slo |c SNK |e AACR2 | ||
| 041 | 0 | |a slo |a hun | |
| 043 | |a e-xo--- | ||
| 044 | |a xo |c SK | ||
| 080 | |a 913(437.6) |2 2011 | ||
| 080 | |a (084.121) |2 2011 | ||
| 080 | |a 728.82 |2 2011 | ||
| 245 | 0 | 0 | |a Halič |h grafika |
| 246 | 3 | 1 | |a Gács |
| 260 | |a [Slovensko?] |b [vydavateľ neznámy] |c [1927?] | ||
| 300 | |a 1 pohľadnica |b čiernobiela |c 9 x 14 cm | ||
| 520 | 8 | |a Zobrazenie: pohľad na zámok na zalesnenom kopci, pod ním kostol a sedliacka usadlosť, v popredí vpravo dva konské povozy | |
| 546 | |a Súbežný názov maďarsky | ||
| 610 | 2 | 7 | |a Haličský zámok (Halič, Slovensko) |2 SNKKA |9 169130 |
| 650 | 0 | 7 | |a zámky |2 SNKPH |9 3041 |
| 651 | 7 | |a Halič (Slovensko) |2 SNKPH |9 74328 | |
| 651 | 7 | |a Lučenec (Slovensko : okres) |2 SNKPH |9 29002 | |
| 655 | 7 | |a miestne pohľadnice |2 SNKPH |9 70510 | |
| 655 | 7 | |a pohľadnice kultúrnych pamiatok |2 SNKPH |9 70523 | |
| 958 | |a GC | ||
| 958 | |a GBN | ||
| 999 | |c 589607 |d 591537 | ||
| 952 | |a SNK |b SNK |y PREZ |7 0 |p 17A1216179 |o snkSP 9131 |0 0 |1 0 |4 0 |d 2016-11-03 |f 1 |l 0 |r 2026-02-23 15:20:32 |w 2026-02-23 | ||
| 952 | |a SNK |b SNK |y PREZ |7 0 |p 17A1216183 |o snkSP 9131 D1 |0 0 |1 0 |4 0 |d 2016-11-03 |l 0 |r 2026-02-23 15:20:32 |w 2026-02-23 | ||


